El cortejo solar /
Guardado en:
| Autor Principal: | |
|---|---|
| Formato: | Libro |
| Publicado: |
Buenos Aires :
Atlantida,
1954
|
| Edición: | 3a. ed. |
| Materias: | |
| Etiquetas: |
Agregar Etiqueta
Sin Etiquetas, Sea el primero en etiquetar este registro!
|
| LEADER | 00517nam a22002055a 4500 | ||
|---|---|---|---|
| 001 | CEM.cems004803 | ||
| 005 | 20060217000000.0 | ||
| 008 | 130507s1954##################000#0#####d | ||
| 003 | CEMS | ||
| 082 | 0 | 4 | |a 523 |
| 100 | 1 | |a Otero Espasandin, José | |
| 245 | 1 | 0 | |a El cortejo solar / |
| 250 | |a 3a. ed. | ||
| 260 | |a Buenos Aires : |b Atlantida, |c 1954 | ||
| 300 | |a 138 p. | ||
| 653 | |a Astronomia | ||
| 653 | |a Cometas | ||
| 653 | |a Sistema solar | ||
| 653 | |a Sol | ||
| 859 | |a CEMS |b BIB. CEMS - 11 de abril |h 523 |i Ot2a3 |p 2682.74 |t Ej.1 | ||
